[Event "Ascoli Piceno Province-ch"]
[Site "Fermo"]
[Date "2006.01.15"]
[Round "2"]
[White "Paci, Paolo"]
[Black "Perdichizzi, Roberto"]
[Result "1-0"]
[WhiteElo "1584"]
[BlackElo "1425"]
[PlyCount "79"]
[EventDate "2006.01.14"]
[EventType "swiss"]
[EventRounds "6"]
[EventCountry "ITA"]
[SourceTitle "EXT 2024"]
[Source "ChessBase"]
[SourceDate "2023.10.10"]
[SourceVersion "1"]
[SourceVersionDate "2023.10.10"]
[SourceQuality "1"]

1. d4 Nf6 2. Nf3 g6 3. Bf4 Bg7 4. e3 d6 5. h3 Nh5 6. Bh2 0-0 7. Be2 c6 8. 0-0 Nf6 9. Nbd2 Bf5 10. c3 Ne4 11. Nxe4 Bxe4 12. Nd2 Bf5 13. e4 Be6 14. Re1 Qb6 15. b3 d5 16. Bf3 Re8 17. Rb1 dxe4 18. Nxe4 Bf5 19. Rb2 Bxe4 20. Bxe4 Nd7 21. Rbe2 e5 22. Bd3 Qc7 23. Bc4 b5 24. Bd3 Rad8 25. Qc2 Re7 26. f4 Rde8 27. fxe5 Nxe5 28. dxe5 Bxe5 29. Bxe5 Rxe5 30. Rxe5 Rxe5 31. Rxe5 Qxe5 32. Qd2 f5 33. c4 Kg7 34. cxb5 cxb5 35. Qe2 Qc5+ 36. Kh2 h5 37. Bxb5 Qc7+ 38. g3 h4 39. Qf2 g5 40. Bc4 1-0